000 00327nam a2200133Ia 4500
008 220120s9999||||xx |||||||||||||| ||und||
020 _a81-7286-585-6
082 _a621.3851 CHO
100 _aChoudhury, D. Roy
245 0 _aNetworks and systems
260 _bNew Delhi
_c2005
300 _a588p.
_b260
650 _aMATHEMATICS
999 _c132197
_d132197